[Event "FB23 2223 SV Stuttgart-Wolfbusch - SG Au"]
[Site "?"]
[Date "2023.02.19"]
[Round "5.5"]
[White "Schaefer, Ann-Kathrin"]
[Black "Klotz, Sonja"]
[Result "0-1"]
[WhiteElo "1699"]
[BlackElo "1930"]
[PlyCount "56"]
[EventDate "2023.??.??"]

1. d4 d5 2. Nf3 Nf6 3. e3 Bf5 4. b3 e6 5. Bb2 Nbd7 6. Nbd2 Be7 7. Be2 O-O 8. O-O c5 9. Nh4 Bg6 10. Nxg6 hxg6 11. Bd3 Rc8 12. e4 dxe4 13. Nxe4 Qc7 14. Re1 Rfd8 15. Ng5 Nf8 16. dxc5 Qxc5 17. Qd2 Ng4 18. Nf3 Bf6 19. Bxf6 gxf6 20. h3 Ne5 21. Nxe5 fxe5 22. Qg5 Nd7 23. Re4 Qf8 24. Rg4 Qg7 25. Re1 Qf6 26. Qh6 Qg7 27. Qg5 Qf6 28. Rxe5 Qxe5 0-1

[Event "FB23 2223 SV Stuttgart-Wolfbusch - SG Au"]
[Site "?"]
[Date "2023.02.19"]
[Round "5.6"]
[White "Mijatovic, Andrea"]
[Black "Andrianarison Ny Koloina"]
[Result "1-0"]
[WhiteElo "1927"]
[BlackElo "1413"]
[PlyCount "73"]
[EventDate "2023.??.??"]

1. e4 d5 2. exd5 Nf6 3. Bb5+ Bd7 4. Bc4 c6 5. dxc6 Nxc6 6. Nc3 e5 7. d3 Na5 8. Nf3 Nxc4 9. dxc4 Bc6 10. Qxd8+ Rxd8 11. Nxe5 Bxg2 12. Rg1 Bh3 13. Be3 Bd6 14. f4 Bxe5 15. fxe5 Nd7 16. Bd4 Nb6 17. Bxb6 axb6 18. Nd5 Bf5 19. O-O-O g6 20. Nxb6 O-O 21. Nd5 Kg7 22. a4 Rfe8 23. Rge1 Bg4 24. Rd2 f6 25. exf6+ Kf7 26. Re7+ Rxe7 27. fxe7 Re8 28. Rf2+ Kg7 29. b4 Be6 30. Re2 Bg4 31. Re3 Bd7 32. a5 Kf7 33. b5 Be6 34. Rxe6 Kxe6 35. Nc7+ Kxe7 36. Nxe8 Kxe8 37. a6 1-0

[Event "FB23 2223 SK 1980 Gernsheim - SG Augsbur"]
[Site "?"]
[Date "2023.03.11"]
[Round "6.1"]
[White "Horvath, Maria"]
[Black "Lukas, Anne"]
[Result "0-1"]
[WhiteElo "1911"]
[BlackElo "2044"]
[PlyCount "90"]
[EventDate "2023.??.??"]

1. d4 Nf6 2. Nf3 g6 3. e3 Bg7 4. c4 d6 5. Nc3 O-O 6. Be2 Nbd7 7. O-O e5 8. b4 e4 9. Nd2 Re8 10. Bb2 Nf8 11. Qc2 Bf5 12. Rfc1 h5 13. a4 h4 14. h3 Ne6 15. d5 Ng5 16. Bf1 Nd7 17. Ne2 Ne5 18. Nf4 a5 19. c5 axb4 20. cxd6 cxd6 21. Bd4 Nef3+ 22. Nxf3 Nxf3+ 23. gxf3 Bxd4 24. exd4 Qg5+ 25. Kh1 Qxf4 26. Re1 Qxf3+ 27. Bg2 Qc3 28. Qxc3 bxc3 29. Re3 c2 30. Rc3 Rec8 31. Rxc8+ Rxc8 32. Rc1 Rc4 33. a5 Rxd4 34. Rxc2 Rxd5 35. Rb2 Rxa5 36. Rxb7 d5 37. Bf1 Ra1 38. Kg2 Bxh3+ 39. Kxh3 Rxf1 40. Rd7 Rxf2 41. Rxd5 Kg7 42. Kxh4 Rg2 43. Kh3 Rg1 44. Kh2 Rg4 45. Kh3 f5 0-1

[Event "FB23 2223 SK 1980 Gernsheim - SG Augsbur"]
[Site "?"]
[Date "2023.03.11"]
[Round "6.2"]
[White "Bluebaum, Johanna"]
[Black "Kosc, Renata"]
[Result "0-1"]
[WhiteElo "1954"]
[BlackElo "1970"]
[PlyCount "150"]
[EventDate "2023.??.??"]

1. d4 f5 2. c4 Nf6 3. Nc3 e6 4. e3 Bb4 5. Bd3 O-O 6. Nge2 b6 7. O-O Bb7 8. f3 Nc6 9. e4 fxe4 10. fxe4 e5 11. a3 Bxc3 12. bxc3 d6 13. d5 Nb8 14. Ng3 Bc8 15. Nf5 Bxf5 16. Rxf5 Nbd7 17. Bg5 Qe8 18. Qe2 Qg6 19. Raf1 h6 20. Bh4 Nc5 21. Bxf6 Rxf6 22. Rxf6 gxf6 23. Rf3 Kh8 24. Rg3 Qh7 25. Qf2 Rf8 26. Qd2 Nxd3 27. Rxd3 Rg8 28. Rf3 Rg6 29. Qf2 Qg7 30. h3 Kg8 31. Kh2 h5 32. Rf5 Rh6 33. Qh4 Qg6 34. Rf3 Kf7 35. Qe1 h4 36. Qd1 Rh7 37. Qa4 Rg7 38. Qd7+ Kg8 39. Qc8+ Kh7 40. Qf5 Qxf5 41. Rxf5 Kg6 42. Kg1 Rh7 43. Kf2 Rh5 44. Rxh5 Kxh5 45. g3 hxg3+ 46. Kxg3 f5 47. exf5 Kg5 48. f6 Kxf6 49. Kg4 Kg6 50. a4 Kf6 51. h4 Kg6 52. h5+ Kf6 53. c5 bxc5 54. a5 a6 55. c4 Kf7 56. Kf5 Kg7 57. Kg5 Kh7 58. Kf5 Kh6 59. Kg4 e4 60. Kf4 Kxh5 61. Kxe4 Kg4 62. Ke3 Kg3 63. Ke4 Kf2 64. Kf5 Ke3 65. Ke6 Kd4 66. Kd7 Kxc4 67. Kxc7 Kxd5 68. Kb6 c4 69. Kxa6 c3 70. Kb7 c2 71. a6 c1=Q 72. a7 Qc6+ 73. Kb8 Qb6+ 74. Ka8 Qd8+ 75. Kb7 Kc5 0-1

[Event "FB23 2223 SK 1980 Gernsheim - SG Augsbur"]
[Site "?"]
[Date "2023.03.11"]
[Round "6.3"]
[White "Braun, Kristin"]
[Black "Ries, Jutta"]
[Result "1/2-1/2"]
[WhiteElo "1868"]
[BlackElo "2020"]
[PlyCount "92"]
[EventDate "2023.??.??"]

1. e4 Nf6 2. Nc3 d5 3. exd5 Nxd5 4. d4 c6 5. Nf3 Bg4 6. Be2 Nd7 7. O-O e6 8. Ne4 N7f6 9. Ng3 Bxf3 10. Bxf3 Bd6 11. Re1 O-O 12. Ne4 Bf4 13. g3 Bxc1 14. Rxc1 Qb6 15. b3 Nxe4 16. Bxe4 g6 17. c3 Rfd8 18. Qc2 Rac8 19. Re2 Rd7 20. Bg2 c5 21. dxc5 Qxc5 22. Bxd5 Qxd5 23. c4 Qd6 24. Qb2 Rcd8 25. Rce1 Qb4 26. Qe5 Qd6 27. Qb2 a6 28. Qe5 Qxe5 29. Rxe5 Rd2 30. R5e2 R8d3 31. Kf1 Kf8 32. Rxd2 Rxd2 33. Re2 Rd3 34. Ke1 Ke7 35. Rd2 Rxd2 36. Kxd2 Kd6 37. f4 f6 38. b4 h5 39. h4 e5 40. Ke3 Ke6 41. a4 a5 42. bxa5 Kd6 43. Kd3 Ke6 44. Ke3 Kd6 45. Kd3 Ke6 46. Ke3 Kd6 1/2-1/2

[Event "FB23 2223 SK 1980 Gernsheim - SG Augsbur"]
[Site "?"]
[Date "2023.03.11"]
[Round "6.4"]
[White "Blaschke, Franziska"]
[Black "Todorova, Kalina"]
[Result "0-1"]
[WhiteElo "1848"]
[BlackElo "1795"]
[PlyCount "62"]
[EventDate "2023.??.??"]

1. e4 c5 2. Nf3 e6 3. d4 cxd4 4. Nxd4 a6 5. c4 Nf6 6. Bd3 Qc7 7. O-O Bc5 8. Nc2 Nc6 9. Nc3 O-O 10. Kh1 Ne5 11. Be2 Ba7 12. Bf4 d6 13. Qe1 Nxc4 14. Bxc4 Qxc4 15. Bxd6 Rd8 16. Be7 Rd3 17. Bxf6 gxf6 18. Rd1 b5 19. f3 Rxd1 20. Qxd1 Bb7 21. Re1 b4 22. Na4 Rc8 23. Re2 b3 24. axb3 Qxb3 25. Nc3 Qxb2 26. Nb1 Bc6 27. Nca3 Qb4 28. Rd2 Ba4 29. Qf1 Be3 30. Re2 Rc1 31. Qxc1 Bxc1 0-1

[Event "FB23 2223 SK 1980 Gernsheim - SG Augsbur"]
[Site "?"]
[Date "2023.03.11"]
[Round "6.5"]
[White "Nentwig, Nicole"]
[Black "Mueller, Manon"]
[Result "1-0"]
[WhiteElo "1878"]
[BlackElo "1762"]
[PlyCount "121"]
[EventDate "2023.??.??"]

1. e4 d5 2. exd5 Qxd5 3. d4 a6 4. c4 Qd8 5. Nf3 Nf6 6. h3 e6 7. a3 c5 8. Nc3 Be7 9. Bf4 cxd4 10. Qxd4 Qxd4 11. Nxd4 O-O 12. Be2 Bd7 13. O-O Bc6 14. Bxb8 Raxb8 15. Nxc6 bxc6 16. b4 Rfd8 17. Rfd1 Bd6 18. Bf3 Be5 19. Rxd8+ Rxd8 20. Rd1 Rc8 21. Na4 Kf8 22. Nc5 Bb2 23. a4 a5 24. bxa5 Ra8 25. a6 Ba3 26. Bxc6 Ra7 27. Nd7+ Nxd7 28. Rxd7 Rxd7 29. Bxd7 Bc5 30. Kf1 Ke7 31. Bb5 g5 32. f3 h5 33. Ke2 h4 34. f4 gxf4 35. Kf3 e5 36. Kg4 Bf2 37. Kf3 Bc5 38. Kg4 Bf2 39. c5 Bxc5 40. Kxh4 Ke6 41. Kg4 Kf6 42. h4 Kg6 43. h5+ Kf6 44. Be8 Be3 45. Kf3 Bc5 46. Ke4 Ke6 47. Bd7+ Kf6 48. Kd5 Bd4 49. Be8 Ke7 50. Bd7 Kf6 51. a5 Kg5 52. Be8 Kxh5 53. Bxf7+ Kh4 54. Kc6 Kg4 55. Kb7 Kg3 56. Bd5 Kf2 57. a7 Bxa7 58. Kxa7 Ke3 59. Kb6 e4 60. a6 f3 61. gxf3 1-0

[Event "FB23 2223 SK 1980 Gernsheim - SG Augsbur"]
[Site "?"]
[Date "2023.03.11"]
[Round "6.6"]
[White "Morio, Estelle"]
[Black "Specht, Maria"]
[Result "1-0"]
[WhiteElo "1773"]
[BlackElo "1853"]
[PlyCount "85"]
[EventDate "2023.??.??"]

1. f4 d5 2. Nf3 g6 3. e3 Bg7 4. Be2 e6 5. O-O Nc6 6. d3 Nge7 7. e4 f5 8. exd5 exd5 9. d4 a6 10. c3 Be6 11. Re1 Qd7 12. Ng5 Bg8 13. Nd2 h6 14. Ngf3 Bf7 15. Nb3 b6 16. Bd3 O-O 17. Qe2 Qc8 18. Be3 Kh7 19. Qf2 Ng8 20. Qh4 Nf6 21. Nbd2 Ng4 22. Ng5+ Kg8 23. Nxf7 Rxf7 24. Qg3 Kh7 25. Nf3 Nxe3 26. Rxe3 Bf6 27. Rae1 Qd7 28. Re6 Rg8 29. Bxa6 Nd8 30. R6e3 g5 31. Bd3 gxf4 32. Qxf4 Bg5 33. Nxg5+ hxg5 34. Rh3+ Kg6 35. Qe5 g4 36. Rhe3 Kg5 37. Rf1 Rgf8 38. Qf4+ Kh5 39. Rfe1 c5 40. h3 Nc6 41. Re6 Rf6 42. hxg4+ Kh4 43. g5+ 1-0

[Event "FB23 2223 TSV Schott Mainz - SV Stuttgar"]
[Site "?"]
[Date "2023.03.11"]
[Round "6.2"]
[White "Sinitsina, Anastassia"]
[Black "Siegl, Melina"]
[Result "1-0"]
[WhiteElo "2201"]
[BlackElo "1972"]
[PlyCount "49"]
[EventDate "2023.??.??"]

1. e4 c5 2. Nf3 d6 3. d4 cxd4 4. Nxd4 Nf6 5. Nc3 a6 6. Bg5 Nbd7 7. Qe2 g6 8. O-O-O Bg7 9. f4 Qc7 10. g4 b5 11. Bg2 b4 12. e5 bxc3 13. exf6 Nxf6 14. Bxa8 O-O 15. Bf3 e5 16. fxe5 dxe5 17. Nb3 cxb2+ 18. Kb1 Be6 19. Rhe1 Re8 20. Bxf6 Bxf6 21. Be4 Bh4 22. Rf1 a5 23. Bd5 Bxd5 24. Rxd5 a4 25. Rc5 1-0

[Event "FB23 2223 TSV Schott Mainz - SV Stuttgar"]
[Site "?"]
[Date "2023.03.11"]
[Round "6.3"]
[White "Ley, Sabrina"]
[Black "Krasnopeyeva, Julia"]
[Result "1/2-1/2"]
[WhiteElo "1852"]
[BlackElo "1883"]
[PlyCount "83"]
[EventDate "2023.??.??"]

1. d4 Nf6 2. c4 g6 3. f3 Bg7 4. e4 d6 5. Be3 O-O 6. Nc3 Nbd7 7. Qd2 c5 8. d5 a6 9. Bh6 b5 10. Bxg7 Kxg7 11. cxb5 Qa5 12. b3 Nb6 13. bxa6 Bxa6 14. Bxa6 Rxa6 15. Nge2 Qb4 16. O-O Rfa8 17. Rfd1 Nbd7 18. Rac1 Ne5 19. f4 Ned7 20. Qe3 Qb6 21. h3 Rc8 22. e5 Ng8 23. e6 fxe6 24. Qxe6 Qd8 25. Rc2 Nf8 26. Qe3 Qd7 27. Ne4 h6 28. N2g3 Qa7 29. Qc3+ Kh7 30. Rdd2 Ra8 31. f5 c4+ 32. Kh2 cxb3 33. axb3 Ra1 34. Rf2 Qa5 35. fxg6+ Kxg6 36. Qf3 Qxd5 37. Rcd2 Qe6 38. Qh5+ Kg7 39. Nf5+ Kh8 40. Rde2 Qg6 41. Qh4 d5 42. Nxe7 {(=)} 1/2-1/2

[Event "FB23 2223 TSV Schott Mainz - SV Stuttgar"]
[Site "?"]
[Date "2023.03.11"]
[Round "6.4"]
[White "Brandl, Lea Maria"]
[Black "Klotz, Sonja"]
[Result "1/2-1/2"]
[WhiteElo "1864"]
[BlackElo "1934"]
[PlyCount "138"]
[EventDate "2023.??.??"]

1. d4 d5 2. c4 e6 3. Nc3 Nf6 4. Bg5 c6 5. Nf3 Nbd7 6. e3 Qa5 7. Nd2 Bb4 8. Qc2 O-O 9. Be2 e5 10. dxe5 Ne4 11. Ndxe4 dxe4 12. O-O Bxc3 13. bxc3 Qxe5 14. Bf4 Qe6 15. Rfd1 Re8 16. Rd6 Qe7 17. Rad1 f5 18. Bh5 Rf8 19. R6d2 Qh4 20. Be2 Nb6 21. Bd6 Re8 22. c5 Nd5 23. c4 Ne7 24. Qb2 Ng6 25. a4 Qg5 26. g3 Nh4 27. Bf4 Qg6 28. Rd6 Be6 29. Qxb7 Nf3+ 30. Kg2 Qh5 31. h3 Qf7 32. Qxf7+ Bxf7 33. Rxc6 Rec8 34. Rxc8+ Rxc8 35. Bd6 Be8 36. a5 Bc6 37. Rb1 Kf7 38. a6 Kf6 39. h4 Rd8 40. Rb8 Rd7 41. Rc8 Ba4 42. Bxf3 exf3+ 43. Kxf3 Bb3 44. Rc7 Rxc7 45. Bxc7 Bxc4 46. Bb8 Bxa6 47. Bxa7 Bb7+ 48. Kf4 h5 49. Bb6 g6 50. f3 Bc6 51. g4 hxg4 52. fxg4 fxg4 53. Kxg4 Bd7+ 54. Kf4 Bc6 55. Bd8+ Ke6 56. e4 Bb7 57. Bc7 Bc6 58. Ke3 Bb7 59. Kf4 Bc6 60. Bd6 Bb7 61. e5 Bc6 62. Kg5 Be4 63. c6 Bxc6 64. Kxg6 Be4+ 65. Kh6 Kf7 66. h5 Bd3 67. Kg5 Bh7 68. Bb4 Bc2 69. h6 Ke6 {(=)} 1/2-1/2

[Event "FB23 2223 TSV Schott Mainz - SV Stuttgar"]
[Site "?"]
[Date "2023.03.11"]
[Round "6.5"]
[White "Thomsen, Larissa"]
[Black "Mueller, Riyanna"]
[Result "1-0"]
[WhiteElo "1971"]
[BlackElo "1585"]
[PlyCount "75"]
[EventDate "2023.??.??"]

1. e4 d5 2. exd5 Qxd5 3. Nc3 Qd6 4. Nf3 Nf6 5. Bc4 a6 6. d3 b5 7. Bb3 Bb7 8. Qe2 Nc6 9. a3 e6 10. Be3 Na5 11. Ba2 c5 12. Rd1 Qc7 13. d4 c4 14. h3 Rd8 15. O-O Be7 16. Ne5 Nc6 17. f4 O-O 18. Qf2 Nd5 19. Nxd5 exd5 20. c3 f6 21. Ng4 Bc8 22. Bb1 a5 23. Bd2 b4 24. axb4 axb4 25. Ne3 bxc3 26. bxc3 Be6 27. Rde1 Qd7 28. Qf3 Rf7 29. f5 Bxf5 30. Bxf5 Qa7 31. Be6 Nxd4 32. Bxf7+ Kxf7 33. cxd4 Qxd4 34. Bc1 Qc5 35. Kh1 d4 36. Nf5 Rd7 37. Qh5+ Kf8 38. Qxh7 1-0

[Event "FB23 2223 SK Freiburg-Zähringen 1887 -"]
[Site "?"]
[Date "2023.03.11"]
[Round "6.1"]
[White "Hrebenshchykova, Yelyzaveta"]
[Black "Paddock, Silvia"]
[Result "1-0"]
[WhiteElo "2289"]
[BlackElo "2148"]
[PlyCount "123"]
[EventDate "2023.??.??"]

1. e4 c5 2. Nf3 d6 3. d4 cxd4 4. Nxd4 Nf6 5. Nc3 a6 6. Bc4 e6 7. Be3 Be7 8. Bb3 Qc7 9. g4 g6 10. g5 Nh5 11. f4 b5 12. a3 Bb7 13. f5 e5 14. Nd5 Qa5+ 15. Bd2 Qd8 16. f6 Bxf6 17. Nf5 Bg7 18. Bb4 O-O 19. Bxd6 Qxg5 20. Nxg7 Qg2 21. Nxh5 Qxh1+ 22. Kd2 Qxh2+ 23. Qe2 Qxe2+ 24. Kxe2 Nc6 25. Nhf6+ Kg7 26. Bxf8+ Rxf8 27. c3 Na5 28. Bc2 Rd8 29. a4 Bc6 30. axb5 Bxb5+ 31. Bd3 Nb3 32. Rf1 Nc5 33. c4 Ba4 34. b4 Nb3 35. Nc3 Bc6 36. Nfd5 Rb8 37. Ke3 Nd4 38. b5 axb5 39. cxb5 Bd7 40. Ra1 h5 41. b6 h4 42. Ne2 Ne6 43. Rb1 Nc5 44. Bb5 Be6 45. Rc1 Nxe4 46. Kxe4 Bxd5+ 47. Kxd5 Rxb6 48. Nc3 f6 49. Rh1 g5 50. Bd7 Kg6 51. Rf1 Rb4 52. Ne4 Rd4+ 53. Kc6 Ra4 54. Kd6 Rd4+ 55. Ke7 Rxd7+ 56. Kxd7 f5 57. Nd6 g4 58. Nxf5 h3 59. Ke6 e4 60. Ke5 e3 61. Nxe3 g3 62. Kf4 1-0

[Event "FB23 2223 SK Freiburg-Zähringen 1887 -"]
[Site "?"]
[Date "2023.03.11"]
[Round "6.2"]
[White "Hund, Sarah"]
[Black "Birkholz, Olga"]
[Result "0-1"]
[WhiteElo "2036"]
[BlackElo "1994"]
[PlyCount "98"]
[EventDate "2023.??.??"]

1. e4 c6 2. d4 d5 3. exd5 cxd5 4. Bd3 Nc6 5. c3 g6 6. Nf3 Bg7 7. Nbd2 Nf6 8. O-O Bg4 9. Re1 Qc7 10. h3 Bxf3 11. Nxf3 O-O 12. Ne5 e6 13. Bf4 Nxe5 14. Bxe5 Qb6 15. Qf3 Nd7 16. Bxg7 Kxg7 17. Re2 Rac8 18. Rae1 Qd6 19. h4 Nf6 20. Re5 Nd7 21. R5e3 Nf6 22. Qh3 Rce8 23. Bc2 a6 24. Bd1 h5 25. Bc2 Qf4 26. f3 Rh8 27. g3 Qd6 28. Kf2 Qb6 29. R1e2 e5 30. Ba4 exd4 31. Rxe8 Nxe8 32. Kg2 dxc3 33. bxc3 Nf6 34. Bb3 Qc5 35. Qh1 Qxc3 36. Qd1 Rd8 37. Re7 Qc6 38. Qd4 Rd6 39. Re5 Qb6 40. Qb2 d4 41. Qd2 Qc7 42. Qe1 Rd7 43. Rg5 d3 44. Qd2 Qd6 45. Kh3 Re7 46. Qc3 Qd7+ 47. g4 hxg4+ 48. fxg4 Qd6 49. h5 Re3+ 0-1

[Event "FB23 2223 SK Freiburg-Zähringen 1887 -"]
[Site "?"]
[Date "2023.03.11"]
[Round "6.3"]
[White "Albayrak, Nese Pinar"]
[Black "Hund, Barbara"]
[Result "0-1"]
[WhiteElo "1748"]
[BlackElo "2064"]
[PlyCount "74"]
[EventDate "2023.??.??"]

1. e4 e5 2. Nf3 Nc6 3. Bb5 a6 4. Ba4 Nf6 5. O-O Be7 6. Re1 b5 7. Bb3 O-O 8. h3 d6 9. c3 Na5 10. Bc2 c5 11. d4 Nc6 12. d5 Nb8 13. Nbd2 Nbd7 14. a4 Rb8 15. axb5 axb5 16. Nb3 Nb6 17. Na5 Bd7 18. Nxe5 dxe5 19. d6 Re8 20. dxe7 Qxe7 21. Be3 Red8 22. Qf3 Be8 23. Nb3 Na4 24. Ra2 Nd7 25. Nd2 Ndb6 26. Qg3 f6 27. Nf3 Bf7 28. Raa1 c4 29. Nh4 Bg6 30. f4 Nxb2 31. fxe5 Qxe5 32. Bf4 Qc5+ 33. Kh2 Ra8 34. Nxg6 hxg6 35. Rxa8 Nxa8 36. Qxg6 Nd3 37. Bh6 Qc7+ 0-1

[Event "FB23 2223 SK Freiburg-Zähringen 1887 -"]
[Site "?"]
[Date "2023.03.11"]
[Round "6.4"]
[White "Thode, Gilda"]
[Black "Albayrak, Berrak"]
[Result "1-0"]
[WhiteElo "1914"]
[BlackElo "1669"]
[PlyCount "67"]
[EventDate "2023.??.??"]

1. d4 d6 2. Nf3 Nf6 3. c4 g6 4. Nc3 Bg7 5. e4 O-O 6. h3 e5 7. d5 Nbd7 8. Bg5 a5 9. Be2 Nc5 10. Nd2 c6 11. O-O Qb6 12. Rb1 Qc7 13. b3 Ne8 14. f3 f5 15. a3 f4 16. Bh4 Bf6 17. Bf2 Qg7 18. b4 Nd7 19. Qb3 c5 20. bxc5 dxc5 21. Na4 Be7 22. Nb6 Nxb6 23. Qxb6 Ra6 24. Qb2 g5 25. Nb3 Rh6 26. Bxc5 Bxc5+ 27. Nxc5 Rh4 28. Nd3 Qh6 29. Kf2 Bxh3 30. gxh3 Rxh3 31. Ke1 Nd6 32. Qxe5 Qh4+ 33. Nf2 Nxc4 34. Bxc4 1-0

[Event "FB23 2223 SK Freiburg-Zähringen 1887 -"]
[Site "?"]
[Date "2023.03.11"]
[Round "6.5"]
[White "Loebel, Petra"]
[Black "Kuehnel, Lena"]
[Result "1/2-1/2"]
[WhiteElo "1834"]
[BlackElo "1902"]
[PlyCount "37"]
[EventDate "2023.??.??"]

1. e4 e5 2. Bc4 Nf6 3. d3 Nc6 4. Nc3 d6 5. f4 Be6 6. Bxe6 fxe6 7. Nf3 exf4 8. Bxf4 e5 9. Bg5 Be7 10. O-O Qd7 11. Qd2 O-O-O 12. a4 h6 13. Be3 d5 14. exd5 Nxd5 15. Nxd5 Qxd5 16. Qe2 Rhe8 17. Nd2 Kb8 18. Ne4 Nd4 19. Qd2 1/2-1/2

[Event "FB23 2223 SK Freiburg-Zähringen 1887 -"]
[Site "?"]
[Date "2023.03.11"]
[Round "6.6"]
[White "Farhadyar, Kiana"]
[Black "Adelhardt, Lisa"]
[Result "1/2-1/2"]
[WhiteElo "1546"]
[BlackElo "1544"]
[PlyCount "107"]
[EventDate "2023.??.??"]

1. e4 e5 2. Nf3 Nc6 3. Bb5 a6 4. Ba4 Bc5 5. O-O b5 6. Bb3 d6 7. c3 Nf6 8. d4 exd4 9. cxd4 Bb6 10. h3 h6 11. Re1 O-O 12. Qd3 Re8 13. Nbd2 Bb7 14. a3 Ne7 15. Bc2 c5 16. d5 Ng6 17. Nf1 Nh5 18. N3h2 Qh4 19. Bd2 c4 20. Qf3 Ne5 21. Qe2 Nf4 22. Bxf4 Qxf4 23. Ne3 g6 24. Nhg4 Nxg4 25. Nxg4 Bxd5 26. Qf3 Qxf3 27. gxf3 Be6 28. Nf6+ Kg7 29. Nxe8+ Rxe8 30. Kg2 Bd4 31. Rab1 g5 32. Re2 Be5 33. Ree1 Kf6 34. Rh1 Rg8 35. Kf1 h5 36. Bd1 h4 37. Ke2 Bf4 38. Bc2 Ke5 39. Kf1 Rc8 40. Kg2 Bd2 41. Rhd1 Ba5 42. a4 b4 43. b3 c3 44. Rd3 Bb6 45. Rbd1 Bc5 46. Re1 Rf8 47. Rdd1 Rh8 48. Re2 a5 49. Ree1 Re8 50. Re2 Kf4 51. Rde1 Ke5 52. Rd1 Kf4 53. Rde1 Ke5 54. Rd1 1/2-1/2

[Event "FB23 2223 Karlsruher SF 1853 - SC Bavari"]
[Site "?"]
[Date "2023.03.11"]
[Round "6.1"]
[White "Arnhold, Steffi"]
[Black "Georgescu, Lena"]
[Result "0-1"]
[WhiteElo "2098"]
[BlackElo "2282"]
[PlyCount "58"]
[EventDate "2023.??.??"]

1. e4 e5 2. Nf3 Nc6 3. Bc4 Bc5 4. d3 Nf6 5. Nbd2 O-O 6. O-O d6 7. c3 a5 8. Bb3 Ba7 9. Re1 h6 10. Nf1 Be6 11. Bc2 d5 12. exd5 Nxd5 13. Nxe5 Nxe5 14. Rxe5 Bxf2+ 15. Kh1 Qf6 16. d4 c5 17. Qd3 g6 18. Bxh6 cxd4 19. Re2 Rfe8 20. Bb3 a4 21. Bc4 a3 22. bxa3 Nxc3 23. Rb2 Bxc4 24. Qxc4 Ra5 25. Rxb7 Rh5 26. Bd2 Ne4 27. Bb4 Ng3+ 28. Nxg3 Rxh2+ 29. Kxh2 Qh4# 0-1

[Event "FB23 2223 Karlsruher SF 1853 - SC Bavari"]
[Site "?"]
[Date "2023.03.11"]
[Round "6.2"]
[White "Schmidt, Jessica"]
[Black "Bardorz, Jana"]
[Result "1/2-1/2"]
[WhiteElo "2215"]
[BlackElo "2034"]
[PlyCount "59"]
[EventDate "2023.??.??"]

1. d4 d5 2. Nf3 Nf6 3. Bf4 e6 4. e3 Bd6 5. Bg3 O-O 6. Nbd2 c5 7. c3 Qc7 8. Ne5 Nbd7 9. f4 Ne4 10. Nxe4 dxe4 11. Nc4 f5 12. d5 Nf6 13. dxe6 Be7 14. a4 Bxe6 15. Be2 Ne8 16. O-O Rd8 17. Qc2 Nd6 18. Nxd6 Rxd6 19. c4 Bf6 20. Rab1 Rfd8 21. Be1 a5 22. g4 g6 23. gxf5 gxf5 24. Kh1 b6 25. Rg1+ Kh8 26. Bc3 Qf7 27. b3 Bc8 28. Rbd1 Rxd1 29. Bxd1 Rg8 30. Rxg8+ 1/2-1/2

[Event "FB23 2223 Karlsruher SF 1853 - SC Bavari"]
[Site "?"]
[Date "2023.03.11"]
[Round "6.3"]
[White "Leuchsenring, Christina"]
[Black "Heinatz, Gundula"]
[Result "0-1"]
[WhiteElo "1908"]
[BlackElo "2177"]
[PlyCount "66"]
[EventDate "2023.??.??"]

1. e4 c6 2. Nf3 d5 3. exd5 cxd5 4. Ne5 Nf6 5. d4 Nc6 6. Nxc6 bxc6 7. c4 g6 8. Nc3 Bg7 9. Be2 O-O 10. O-O dxc4 11. Bxc4 Rb8 12. b3 Nd5 13. Ne2 Bg4 14. f3 Bc8 15. Qd2 Nb6 16. Qf4 Bf5 17. g4 Nxc4 18. gxf5 Nd6 19. Ng3 Rb5 20. Be3 Nxf5 21. Nxf5 Rxf5 22. Qe4 Rd5 23. Rac1 Qd7 24. Rf2 Rd8 25. Rfc2 Bxd4 26. Bxd4 Rxd4 27. Qxc6 Qh3 28. Re2 Rd1+ 29. Rxd1 Rxd1+ 30. Kf2 Qxh2+ 31. Ke3 Qe5+ 32. Qe4 Qc5+ 33. Kf4 Rd4 0-1

[Event "FB23 2223 Karlsruher SF 1853 - SC Bavari"]
[Site "?"]
[Date "2023.03.11"]
[Round "6.4"]
[White "Kiefhaber, Veronika"]
[Black "Oberhofer, Marie"]
[Result "1-0"]
[WhiteElo "2107"]
[BlackElo "1748"]
[PlyCount "84"]
[EventDate "2023.??.??"]

1. e4 c5 2. c3 d5 3. exd5 Qxd5 4. d4 Nf6 5. Nf3 Nc6 6. Be3 cxd4 7. cxd4 e6 8. Nc3 Qd8 9. a3 Bd6 10. Bd3 O-O 11. O-O a6 12. Bc2 Ne7 13. Qd3 Ng6 14. Rad1 Qc7 15. Bb3 Re8 16. Bg5 Nd7 17. Ne4 Bf4 18. Rfe1 b5 19. d5 Nc5 20. Nxc5 Qxc5 21. Bxf4 Nxf4 22. Qe4 Ng6 23. dxe6 Bxe6 24. Bxe6 fxe6 25. Rd7 Ra7 26. Rxa7 Qxa7 27. Qc6 Qe7 28. Qxa6 Qd7 29. Qb6 e5 30. h3 Re6 31. Qc5 e4 32. Nd4 Re5 33. Qc3 Qe8 34. Nc2 Nf4 35. Ne3 Nd3 36. Rd1 Rc5 37. Qd4 Rg5 38. b4 Nf4 39. Qd8 Qxd8 40. Rxd8+ Kf7 41. Kf1 Ke6 42. Re8+ Kf6 1-0

[Event "FB23 2223 Karlsruher SF 1853 - SC Bavari"]
[Site "?"]
[Date "2023.03.11"]
[Round "6.5"]
[White "Prinzen, Siri Marleen"]
[Black "Pellicoro, Nathalie"]
[Result "0-1"]
[WhiteElo "1724"]
[BlackElo "1853"]
[PlyCount "68"]
[EventDate "2023.??.??"]

1. d4 Nf6 2. Bf4 c5 3. e3 d5 4. Nc3 a6 5. Nf3 Nc6 6. Ne5 Qa5 7. Qd2 e6 8. Nxc6 bxc6 9. Ne4 Qxd2+ 10. Nxd2 cxd4 11. exd4 c5 12. dxc5 Bxc5 13. Nb3 Ba7 14. Be5 Bxf2+ 15. Ke2 Bb6 16. Bxf6 gxf6 17. Kd2 Bb7 18. Bd3 Rg8 19. g3 h5 20. Rhf1 f5 21. Rf4 Rg4 22. Raf1 Bc7 23. Rxg4 hxg4 24. Nc5 Bc8 25. c3 Bd6 26. Nb3 Bb7 27. Nd4 Ke7 28. Ne2 Rh8 29. Rf2 Kf6 30. Nd4 f4 31. gxf4 Rxh2 32. Rxh2 Bxf4+ 33. Ke2 Bxh2 34. Kf2 e5 0-1

[Event "FB23 2223 Karlsruher SF 1853 - SC Bavari"]
[Site "?"]
[Date "2023.03.11"]
[Round "6.6"]
[White "Scheynin, Julia"]
[Black "Hofmann, Karina"]
[Result "0-1"]
[WhiteElo "1969"]
[BlackElo "1627"]
[PlyCount "90"]
[EventDate "2023.??.??"]

1. e4 b6 2. Nc3 Bb7 3. d3 e6 4. Nf3 Bb4 5. Bd2 Ne7 6. Nb1 Bxd2+ 7. Nbxd2 c5 8. Be2 d5 9. c3 O-O 10. O-O b5 11. Re1 Nbc6 12. Bf1 dxe4 13. dxe4 Qb6 14. Qc2 e5 15. Be2 Rac8 16. Nf1 Rfd8 17. Ne3 c4 18. Rad1 f6 19. b3 Rxd1 20. Rxd1 Na5 21. bxc4 Nxc4 22. Nxc4 bxc4 23. Qa4 Bxe4 24. Bxc4+ Kh8 25. Nd2 Bc6 26. Qa3 Qc7 27. Bf1 Rd8 28. Be2 g6 29. Nf1 Rxd1 30. Bxd1 Kg7 31. Qc5 Qb7 32. f3 e4 33. fxe4 Bxe4 34. Qf2 Nd5 35. c4 Nc3 36. Bb3 Bd3 37. Ng3 Qe7 38. h3 a5 39. Qd4 Qe1+ 40. Kh2 Qxg3+ 41. Kxg3 Ne2+ 42. Kf2 Nxd4 43. Ke3 Nxb3 44. Kxd3 Nc1+ 45. Kd4 Nxa2 0-1

[Event "FB23 2223 SV Stuttgart-Wolfbusch - SK 19"]
[Site "?"]
[Date "2023.03.12"]
[Round "7.1"]
[White "Lukas, Anne"]
[Black "Froehlich, Franziska"]
[Result "1-0"]
[WhiteElo "2044"]
[BlackElo "1901"]
[PlyCount "115"]
[EventDate "2023.??.??"]

1. e4 c5 2. Nf3 e6 3. d3 Nc6 4. g3 g6 5. Bg2 Bg7 6. O-O Nge7 7. Nbd2 O-O 8. c3 Qc7 9. Re1 d6 10. h4 h6 11. Nf1 d5 12. N1h2 Rd8 13. Qe2 dxe4 14. dxe4 e5 15. Be3 b6 16. Nd2 Be6 17. Ng4 Kh7 18. Qf3 Ng8 19. Bf1 Nd4 20. cxd4 cxd4 21. Bg5 hxg5 22. hxg5 Bxg4 23. Qxg4 Ne7 24. Bc4 Kg8 25. Rac1 Qd7 26. Qf3 Nc8 27. Nf1 Nd6 28. Bd5 Rac8 29. Nh2 Qe7 30. Qg4 Rc7 31. Qh4 Rdc8 32. Rxc7 Rxc7 33. Ng4 Kf8 34. Bb3 Ne8 35. Kg2 Nd6 36. Nf6 Ne8 37. Nd5 Qd8 38. Nxc7 Qxc7 39. Qg4 Nd6 40. Rh1 Qb7 41. Bd5 Qc7 42. Qe2 Nc8 43. Qd2 Ne7 44. Rc1 Qd7 45. Qb4 Ke8 46. Bb3 Qb7 47. Ba4+ Kf8 48. Qd6 Kg8 49. f3 Qa6 50. Bd1 Qa5 51. Rc2 Bf8 52. b4 Qb5 53. Be2 Nf5 54. Qxf8+ Kxf8 55. Rc8+ Qe8 56. Rxe8+ Kxe8 57. exf5 gxf5 58. Bd3 1-0